LEADER 02775nam 2200685 450 001 9910788173103321 005 20210922073116.0 010 $a0-8144-4918-2 035 $a(CKB)2670000000600754 035 $a(EBL)1964260 035 $a(SSID)ssj0001438270 035 $a(PQKBManifestationID)12618756 035 $a(PQKBTitleCode)TC0001438270 035 $a(PQKBWorkID)11377297 035 $a(PQKB)11448256 035 $a(Au-PeEL)EBL1964260 035 $a(CaPaEBR)ebr11032913 035 $a(CaONFJC)MIL750139 035 $a(OCoLC)904698000 035 $a(CaSebORM)9780814449172 035 $a(MiAaPQ)EBC1964260 035 $a(EXLCZ)992670000000600754 100 $a20150327h20152015 uy 0 101 0 $aeng 135 $aurunu||||| 181 $ctxt 182 $cc 183 $acr 200 10$aLeading with cultural intelligence $ethe real secret to success /$fDavid Livermore ; foreword by Soon Ang, Ph.D., and Linn Van Dyne, Ph.D 205 $aSecond edition. 210 1$aNew York, New York :$cAmerican Management Association,$d2015. 210 4$dŠ2015 215 $a1 online resource (298 p.) 300 $aDescription based upon print version of record. 311 $a1-336-18853-7 311 $a0-8144-4917-4 320 $aIncludes bibliographical references and index. 327 $aPart I. Cultural intelligence for global leaders -- Part II. Developing cultural intelligence -- Part III. Leveraging cultural intelligence. 330 $aBusiness today is global-and success requires a new set of skills. But not to worry, whether you're negotiating with vendors in Asia, exploring potential markets in Africa, or leading a diverse team at home, you don't have to master the nuances of every culture you encounter. With Cultural Intelligence, or CQ, you can lead effectively in any context. With Leading with Cultural Intelligence as your guide, you'll be able to thrive in any business environment-whether it's across the world or in your own backyard. 606 $aLeadership$vCross-cultural studies 606 $aOrganizational behavior$vCross-cultural studies 606 $aManagement$vCross-cultural studies 606 $aIntercultural communication 606 $aCross-cultural orientation 615 0$aLeadership 615 0$aOrganizational behavior 615 0$aManagement 615 0$aIntercultural communication. 615 0$aCross-cultural orientation. 676 $a658.4/092 700 $aLivermore$b David A.$f1967-$0743467 702 $aAng$b Soon 702 $aDyne$b Linn Van 801 0$bMiAaPQ 801 1$bMiAaPQ 801 2$bMiAaPQ 906 $aBOOK 912 $a9910788173103321 996 $aLeading with cultural intelligence$93869037 997 $aUNINA LEADER 01765nam 2200565 450 001 9910495184703321 005 20240208111315.0 010 $a3-030-66952-1 035 $a(CKB)4100000011995070 035 $a(MiAaPQ)EBC6690001 035 $a(Au-PeEL)EBL6690001 035 $a(PPN)257351213 035 $a(EXLCZ)994100000011995070 100 $a20220420d2021 uy 0 101 0 $aeng 135 $aurcnu|||||||| 181 $ctxt$2rdacontent 182 $cc$2rdamedia 183 $acr$2rdacarrier 200 10$aControl and system theory of discrete-time stochastic systems /$fJan H. van Schuppen 210 1$aCham, Switzerland :$cSpringer,$d[2021] 210 4$dŠ2021 215 $a1 online resource (940 pages) 225 1 $aCommunications and Control Engineering 311 $a3-030-66951-3 410 0$aCommunications and control engineering. 606 $aStochastic control theory 606 $aStochastic systems 606 $aDiscrete-time systems 606 $aTeoria de control$2thub 606 $aProcessos estocāstics$2thub 606 $aSistemes estocāstics$2thub 606 $aSistemes de temps discret$2thub 608 $aLlibres electrōnics$2thub 615 0$aStochastic control theory. 615 0$aStochastic systems. 615 0$aDiscrete-time systems. 615 7$aTeoria de control 615 7$aProcessos estocāstics 615 7$aSistemes estocāstics 615 7$aSistemes de temps discret 676 $a629.8312 700 $aSchuppen$b J. H. van$01221985 801 0$bMiAaPQ 801 1$bMiAaPQ 801 2$bMiAaPQ 906 $aBOOK 912 $a9910495184703321 996 $aControl and system theory of discrete-time stochastic systems$92833883 997 $aUNINA